00389nam a22001337a 4500008004100000040005500041080002200096100001700118245006100135260001900196300001000215650001400225653001600239230510b |||||||| |||| 00| 0 eng d aNational Science LibrarycNational Science Library a808.50(07) bK2-1 aSova, Milos  aPractical Czech course: bFor English-speaking students  aLondon: c1961 a105p. aLanguage  aVocabulary